000 01050nam0a2200301 4500
001 RU\NLR\bibl\1395544
005 20260405140316.0
010 _a978-5-699-34364-5
_94000
021 _aRU
_b2009-52831
_9242д
035 _a(NLR Aleph) 001387570
090 _a1141373
_c1141373
100 _a20090727d2009 |||y0rusy50 ca
101 0 _arus
102 _aRU
105 _ay |||||||||
200 1 _aСтихи о любви
_fЮрий Визбор
210 _aМосква
_cЭксмо
_d2009
215 _a253, [1] с.
_d17
327 1 _aСодерж.: циклы: Ты у меня одна; Веселая любовь моя; Мне не зватает тебя; Если ты уйдешь; Когда мы вернемся
686 _aШ6(2=Р)75-5
700 1 _4070
_8rus
_7ca
_aВизбор
_bЮ.И.
_gЮрий Иосифович
_f1934-1984
_3RU\NLR\auth\7756560
_939492
801 0 _aRU
_bNLR
_c20090727
_gRCR
801 1 _aRU
_bNLR
_c20090727
942 _cBOOK
980 _aNB